00197nam a2200073Ia 4500008004100000050002000041100002100061245004100082230915s9999 xx 000 0 und d aHF5415.K87 2010 aKURTZ, DAVID L. 0aBOONE & KURTZ CONTEMPORARY MARKETING